000 00432nam a2200181 a 4500
001 1765940787532
003 ACL
005 20251217083816.0
008 251217s2003##################000#0#eng##
020 _a9788172234911
082 0 4 _a641.5
_bJAN
100 1 _aJanet, Rizvi,
_eauthor.
245 1 0 _aFirst Time Cookbook :
260 _bHarperCollins,
_c2003.
650 0 _aCooking.
942 _cENGLISH
040 _aACL
_beng
_cACL
999 _c602856
_d602856